1769 1214 1968 1491 1358 1700 1275 1628 1345 1728 1573 1720 1778 1137 1962 1647 1062 1278 1048 1026 1824 1541 1609 1335 1601 1571 1906 1035 1823 1595 1179 1515 1102 1272 1563 1557 1024 1485 1267 1588 1883 1040 1448 1472 1249 1055 1309 1671 1364 1563 1241 1313 1218 1899 1619 1353 1645 1290 1470 1364 1830 1148 1991 1551 1763 1280 1234 1270 1393 1938 1655 1513 1684 1393 1565 1873 1177 1535 1841 1521 1200 1607 1396 1887 1045 1800 1114 1000 1115 1953 1151 1075 1847 1495 1697 1289 1818 1332 1773 BCNSPRNW ULIB Ver.6.0+V

เปลี่ยนเป็นภาษาไทย

Change to English
 แสดงรายละเอียดบรรณานุกรม
  กลับหน้าหลัก

Brief Record : Get Marc (ISO 2709) : E-mail record : QR code < ปิดหน้าต่าง
LEADER : 00000nam 2200000uu 4500
001    13399128755
003     ULIB
008    240828s2562||||th 000 0 tha d
020    ^a9789742557874
060  0 ^aWA292^bร465ก
100 0  ^aรำแพน พรเทพเกษมสันต์
245 00 ^aการปฐมพยาบาล/^cรำแพน พรเทพเกษมสันต์
246 00 ^aFirst aids
250    ^aพิมพ์ครั้งที่ 3
260    ^aกรุงเทพฯ:^bศิลปาบรรณาคาร,^c2562
300    ^a236 หน้า
650  0 ^aการปฐมพยาบาล
856    ^a^zสารบัญ^uhttps://drive.google.com/file/d/1NSMugDbq6ukMDV_l9w-CRprHxgeWmSR-/view?usp=sharing
945    ^p280^l0^i010685
945    ^p280^l0^i010686
945    ^p280^l0^i010687
945    ^p280^l0^i010688
945    ^p280^l0^i010689
945    ^p280^l0^i010690
945    ^p280^l0^i010691
999    ^aประนอม เกษจรัล
รายการนี้ยังไม่มีแท็ก
คุณยังไม่ได้ล็อกอิน คุณสามารถมีกิจกรรมร่วมกับเว็บไซต์ได้ แต่ต้องล็อกอินก่อน ::
  ล็อกอิน

รายการสื่อสารสนเทศ

ลำดับที่ ประเภท เลขเรียก/บาร์โค้ด สถานที่ สถานะ
1. วิทยาศาสตร์การแพทย์ และสุขภาพ
หนังสือสำรอง
สถานะ=หนังสือสำรอง
WA292 ร465ก ฉ.1 
  Barcode: 010685
ห้องสมุดวิทยาเขตสวรรค์ประชารักษ์
►หนังสือทั่วไป
บนชั้น
2. วิทยาศาสตร์การแพทย์ และสุขภาพ
วิทยาศาสตร์การแพทย์ และสุขภาพ
WA292 ร465ก ฉ.2 
  Barcode: 010686
ห้องสมุดวิทยาเขตสวรรค์ประชารักษ์
►หนังสือทั่วไป
บนชั้น
3. วิทยาศาสตร์การแพทย์ และสุขภาพ
วิทยาศาสตร์การแพทย์ และสุขภาพ
WA292 ร465ก ฉ.3 
  Barcode: 010687
ห้องสมุดวิทยาเขตสวรรค์ประชารักษ์
►หนังสือทั่วไป
บนชั้น
4. วิทยาศาสตร์การแพทย์ และสุขภาพ
วิทยาศาสตร์การแพทย์ และสุขภาพ
WA292 ร465ก ฉ.4 
  Barcode: 010688
ห้องสมุดวิทยาเขตสวรรค์ประชารักษ์
►หนังสือทั่วไป
บนชั้น
5. วิทยาศาสตร์การแพทย์ และสุขภาพ
วิทยาศาสตร์การแพทย์ และสุขภาพ
WA292 ร465ก ฉ.5 
  Barcode: 010689
ห้องสมุดวิทยาเขตสวรรค์ประชารักษ์
►หนังสือทั่วไป
บนชั้น
6. วิทยาศาสตร์การแพทย์ และสุขภาพ
วิทยาศาสตร์การแพทย์ และสุขภาพ
WA292 ร465ก ฉ.6 
  Barcode: 010690
ห้องสมุดวิทยาเขตสวรรค์ประชารักษ์
►หนังสือทั่วไป
บนชั้น
7. วิทยาศาสตร์การแพทย์ และสุขภาพ
วิทยาศาสตร์การแพทย์ และสุขภาพ
WA292 ร465ก ฉ.7 
  Barcode: 010691
ห้องสมุดวิทยาเขตสวรรค์ประชารักษ์
►หนังสือทั่วไป
บนชั้น

รายการใกล้เคียง
    ผู้แต่ง [รำแพน พรเทพเกษมสันต์]

    หัวเรื่อง [การปฐมพยาบาล]

BibComment


ยังไม่เคยถูกคอมเมนท์

คอมเมนท์ทรัพยากรรายการนี้
  คอมเมนท์: การปฐมพยาบาล รำแ..


 Copyright 2026. Bcnsprnw @Library